000 00701nam a22001697a 4500
003 SGT
020 _a9788131709726
082 _a541.39,LAI
100 _aLAIDLER, J.KENTH
245 _aCHEMICAL KINETICS
250 _a3RD
260 _aNEW DELHI
_bPEARSON
_c2013
300 _a531
650 _aCHEMICAL REACTIONS
653 _a1.BASIC KINETIC CONCEPTS. 2.ANALYSIS OF KINETIC RESULTS. 3.ENERGY OF ACTIVATION. 4.THEORIES OF REACTION RATES. 5. ELEMENTARY GAS-PHASE REACTIONS. 6.ELEMENTARY REACTIONS IN SOLUTION. 7.REACTIONS ON SURFACES. 8.COMPOSITE REACTIONS. 9.PHOTOCHEMICAL AND RADIATION-CHEMICAL REACTIONS. 10.HOMOGENEOUS CATALYSIS. 11.ISOTOPE EFFECTS. 12.REACTION DYNAMICS.
942 _2ddc
_cFPS
_09
999 _c9278
_d9278